<?xml version="1.0" encoding="UTF-8"?>
<record
    xmlns:xsi="http://www.w3.org/2001/XMLSchema-instance"
    xsi:schemaLocation="http://www.loc.gov/MARC21/slim http://www.loc.gov/standards/marcxml/schema/MARC21slim.xsd"
    xmlns="http://www.loc.gov/MARC21/slim">

  <leader>01471cam a22003015a 4500</leader>
  <controlfield tag="001">18320255</controlfield>
  <controlfield tag="005">20161018143911.0</controlfield>
  <controlfield tag="008">140930t2014    nyua   frb    000 0 eng d</controlfield>
  <datafield tag="020" ind1=" " ind2=" ">
    <subfield code="a">9781118572306</subfield>
  </datafield>
  <datafield tag="020" ind1=" " ind2=" ">
    <subfield code="a">1118572300 </subfield>
  </datafield>
  <datafield tag="040" ind1=" " ind2=" ">
    <subfield code="a">UKMGB</subfield>
    <subfield code="b">eng</subfield>
    <subfield code="c">UKMGB</subfield>
    <subfield code="d">OCLCO</subfield>
    <subfield code="d">BDX</subfield>
    <subfield code="d">SINLB</subfield>
    <subfield code="d">YBM</subfield>
    <subfield code="d">IEB</subfield>
    <subfield code="d">YBM</subfield>
    <subfield code="d">YDXCP</subfield>
    <subfield code="d">VP@</subfield>
    <subfield code="d">DLC</subfield>
    <subfield code="d">EG-ScBUE</subfield>
  </datafield>
  <datafield tag="043" ind1=" " ind2=" ">
    <subfield code="a">n-us---</subfield>
  </datafield>
  <datafield tag="082" ind1="0" ind2="4">
    <subfield code="2">22</subfield>
    <subfield code="a">332.6092</subfield>
    <subfield code="b">BIG</subfield>
  </datafield>
  <datafield tag="100" ind1="1" ind2=" ">
    <subfield code="a">Biggs, Barton,</subfield>
    <subfield code="d">1932-2012</subfield>
    <subfield code="9">39439</subfield>
  </datafield>
  <datafield tag="245" ind1="1" ind2="0">
    <subfield code="a">Biggs on finance, economics, and the stock market :</subfield>
    <subfield code="b">Barton's market chronicles from the Morgan Stanley years /</subfield>
    <subfield code="c">Barton Biggs.</subfield>
  </datafield>
  <datafield tag="260" ind1=" " ind2=" ">
    <subfield code="a">Hoboken, New Jersey : </subfield>
    <subfield code="b">John Wiley &amp; Sons, Inc.,</subfield>
    <subfield code="c">2014.</subfield>
  </datafield>
  <datafield tag="300" ind1=" " ind2=" ">
    <subfield code="a">xii, 410 p. :</subfield>
    <subfield code="b">ill. ;</subfield>
    <subfield code="c">27 cm.</subfield>
  </datafield>
  <datafield tag="504" ind1=" " ind2=" ">
    <subfield code="a">Bibliography : p. 405-410.</subfield>
  </datafield>
  <datafield tag="520" ind1=" " ind2=" ">
    <subfield code="a">Long considered one of the best brains on Wall Street, Barton Biggs acquired the stature of a legend within his lifetime. Among his many coups, he accurately called the rise and fall of the dot-com market, and was an energetic promoter of emerging markets, including China, well before American businesses began flocking there - and he made vast fortunes for his clients, in the process.</subfield>
  </datafield>
  <datafield tag="590" ind1=" " ind2=" ">
    <subfield code="a">Wessam</subfield>
  </datafield>
  <datafield tag="600" ind1="1" ind2=" ">
    <subfield code="a">Biggs, Barton,</subfield>
    <subfield code="d">1932-2012</subfield>
    <subfield code="9">39439</subfield>
  </datafield>
  <datafield tag="650" ind1=" " ind2="7">
    <subfield code="a">Investment advisors</subfield>
    <subfield code="z">United States</subfield>
    <subfield code="v">Correspondence.</subfield>
    <subfield code="2">BUEsh</subfield>
    <subfield code="9">41573</subfield>
  </datafield>
  <datafield tag="650" ind1=" " ind2="7">
    <subfield code="a">Investments</subfield>
    <subfield code="z">United States.</subfield>
    <subfield code="2">BUEsh</subfield>
    <subfield code="9">36780</subfield>
  </datafield>
  <datafield tag="651" ind1=" " ind2=" ">
    <subfield code="2">BUEsh</subfield>
  </datafield>
  <datafield tag="653" ind1=" " ind2=" ">
    <subfield code="b">BUSADM</subfield>
    <subfield code="c">February2016</subfield>
  </datafield>
  <datafield tag="653" ind1=" " ind2=" ">
    <subfield code="b">BUSADM</subfield>
    <subfield code="c">October2016</subfield>
  </datafield>
  <datafield tag="942" ind1=" " ind2=" ">
    <subfield code="2">ddc</subfield>
    <subfield code="e">22</subfield>
    <subfield code="k">332.6092 BIG</subfield>
  </datafield>
  <datafield tag="999" ind1=" " ind2=" ">
    <subfield code="c">21247</subfield>
    <subfield code="d">21219</subfield>
  </datafield>
  <datafield tag="952" ind1=" " ind2=" ">
    <subfield code="0">0</subfield>
    <subfield code="1">0</subfield>
    <subfield code="2">ddc</subfield>
    <subfield code="4">0</subfield>
    <subfield code="7">0</subfield>
    <subfield code="8">Academic</subfield>
    <subfield code="a">MAIN</subfield>
    <subfield code="b">MAIN</subfield>
    <subfield code="c">1ST</subfield>
    <subfield code="d">2016-02-25</subfield>
    <subfield code="e">Purchase</subfield>
    <subfield code="g">450.00</subfield>
    <subfield code="h">4874</subfield>
    <subfield code="l">0</subfield>
    <subfield code="o">332.6092 BIG</subfield>
    <subfield code="p">000031731</subfield>
    <subfield code="r">2025-07-15 00:00:00</subfield>
    <subfield code="v">562.50</subfield>
    <subfield code="y">BB</subfield>
  </datafield>
  <datafield tag="952" ind1=" " ind2=" ">
    <subfield code="0">0</subfield>
    <subfield code="1">0</subfield>
    <subfield code="2">ddc</subfield>
    <subfield code="4">0</subfield>
    <subfield code="7">0</subfield>
    <subfield code="8">Academic</subfield>
    <subfield code="a">MAIN</subfield>
    <subfield code="b">MAIN</subfield>
    <subfield code="c">1ST</subfield>
    <subfield code="d">2016-10-18</subfield>
    <subfield code="e">Purchase</subfield>
    <subfield code="g">450.00</subfield>
    <subfield code="h">9154</subfield>
    <subfield code="l">0</subfield>
    <subfield code="o">332.6092 BIG</subfield>
    <subfield code="p">000033442</subfield>
    <subfield code="r">2025-07-15 00:00:00</subfield>
    <subfield code="v">562.00</subfield>
    <subfield code="y">BB</subfield>
  </datafield>
</record>
